[Event "Hamburg-chA"]
[Site "Hamburg"]
[Date "2010.05.26"]
[Round "6.1"]
[White "Hein, Stefan"]
[Black "Haack, Stefan"]
[Result "1-0"]
[WhiteElo "1987"]
[BlackElo "1916"]
[PlyCount "161"]
[EventDate "2010.05.22"]
[EventType "swiss"]
[EventRounds "9"]
[EventCountry "GER"]
[SourceTitle "EXT 2011"]
[Source "ChessBase"]
[SourceDate "2010.11.26"]
[SourceVersion "1"]
[SourceVersionDate "2010.11.26"]
[SourceQuality "1"]

1. d4 Nf6 2. Nf3 d5 3. c4 c6 4. Nc3 a6 5. a4 Bg4 6. Ne5 Bh5 7. Qb3 Ra7 8. Bf4 e6 9. e3 Nbd7 10. c5 Nxe5 11. Bxe5 Nd7 12. Bg3 Be7 13. Bd3 0-0 14. Qc2 f5 15. b4 Bh4 16. Bd6 Be7 17. Bxe7 Qxe7 18. 0-0 Qg5 19. f4 Qh6 20. Ra2 Nf6 21. Be2 Be8 22. Bf3 Rf7 23. Qf2 Bd7 24. Qg3 Be8 25. Re1 Re7 26. Qg5 Qxg5 27. fxg5 Ne4 28. Bxe4 dxe4 29. Ne2 Bf7 30. Rd2 Ra8 31. h4 Rd8 32. Ng3 g6 33. Ne2 Red7 34. g3 Kf8 35. Rb2 Re7 36. Kf2 Be8 37. Rc1 Kf7 38. Ke1 Rb8 39. Kd2 Rd7 40. Kc3 Ke7 41. Rf1 Bf7 42. g4 Rc7 43. Nc1 Rd8 44. Rd2 Rcd7 45. Rfd1 Rh8 46. Nb3 Rhd8 47. Na5 e5 48. gxf5 gxf5 49. dxe5 Rxd2 50. Rxd2 Rxd2 51. Kxd2 Bd5 52. Kc3 Kf7 53. h5 Kg7 54. Kd4 Bf7 55. g6 hxg6 56. hxg6 Kxg6 57. Nxb7 Bb3 58. Nd6 Bxa4 59. Ne8 Bd1 60. e6 Bb3 61. Ke5 Bxe6 62. Kxe6 f4 63. exf4 e3 64. f5+ Kg5 65. f6 e2 66. f7 e1Q+ 67. Kd7 Qd1+ 68. Nd6 Qg4+ 69. Ke7 Qe2+ 70. Kd7 Qf3 71. Ke8 Qe3+ 72. Kd7 Qf3 73. Ke7 Qf6+ 74. Ke8 Qe6+ 75. Kd8 Qf6+ 76. Kc7 Qe7+ 77. Kxc6 Kf4 78. Kb6 Ke3 79. Kxa6 Kd3 80. b5 Qd7 81. f8Q 1-0

[Event "Hamburg CupT"]
[Site "Hamburg"]
[Date "2010.03.06"]
[Round "1.3"]
[White "Hein, Stefan"]
[Black "Goetz, Claus"]
[Result "1-0"]
[WhiteElo "1828"]
[BlackElo "1987"]
[PlyCount "39"]
[EventDate "2010.03.06"]
[EventType "team-k.o."]
[EventRounds "4"]
[EventCountry "GER"]
[SourceTitle "EXT 2022"]
[Source "ChessBase"]
[SourceDate "2021.10.06"]
[SourceVersion "1"]
[SourceVersionDate "2021.10.06"]
[SourceQuality "1"]
[WhiteTeam "Barmbek"]
[BlackTeam "Hamburg Koenigsspringer II"]
[WhiteTeamCountry "GER"]
[BlackTeamCountry "GER"]

1. d4 Nf6 2. Bg5 e6 3. e4 Be7 4. e5 Nd5 5. Bd2 c5 6. c4 Nb6 7. dxc5 Bxc5 8. Qg4 Kf8 9. Nc3 Nc6 10. Nf3 d5 11. exd6 Bxd6 12. Qh5 Qf6 13. c5 Nb4 14. Rc1 Bf4 15. cxb6 Bxd2+ 16. Nxd2 Qd4 17. a3 Nc6 18. Nf3 Qxb6 19. Na4 Qb3 20. Qb5 1-0

[Event "Hamburg DCup"]
[Site "Hamburg"]
[Date "2009.09.06"]
[Round "1.4"]
[White "Hein, Stefan"]
[Black "Fraas, Henning"]
[Result "0-1"]
[WhiteElo "1857"]
[BlackElo "2023"]
[PlyCount "144"]
[EventDate "2009.09.06"]
[EventType "team"]
[EventRounds "4"]
[EventCountry "GER"]
[SourceTitle "CBM 132 Extra"]
[Source "ChessBase"]
[SourceDate "2009.11.03"]
[SourceVersion "1"]
[SourceVersionDate "2009.11.03"]
[SourceQuality "1"]

1. Nf3 f5 2. d3 d5 3. g3 Nc6 4. Bg2 e5 5. 0-0 Nf6 6. Nbd2 e4 7. Ne1 Ne5 8. Nb3 Be7 9. c3 0-0 10. a4 Qe8 11. Bf4 Bd6 12. Nd4 a6 13. b4 Qh5 14. Qd2 h6 15. Nec2 g5 16. Bxe5 Bxe5 17. dxe4 dxe4 18. f4 gxf4 19. gxf4 Bd6 20. c4 Rd8 21. c5 Be7 22. Rad1 Bd7 23. Ne3 Kh7 24. Qa2 Rg8 25. Rf2 Rg7 26. Ne6 Qf7 27. Rxd7 Nxd7 28. Qd5 Bh4 29. Rf1 c6 30. Qxf5+ Qxf5 31. Nxf5 Rg6 32. Nxh4 Rxe6 33. f5 Re5 34. Ng6 Ree8 35. Nf4 Nf6 36. Ne6 Re7 37. Rf4 Rg8 38. h3 Rd7 39. Kf2 Rd5 40. Bxe4 Nxe4+ 41. Rxe4 Rxf5+ 42. Ke1 Rf7 43. Nd4 h5 44. Nf3 Rfg7 45. Re5 Kh6 46. Nd4 Rd7 47. Nf5+ Kg5 48. Nd6+ Kh4 49. Re3 Rf8 50. Rd3 Re7 51. e4 Rf4 52. Kd2 Rexe4 53. Nxe4 Rxe4 54. Rb3 a5 55. bxa5 Rxa4 56. Rxb7 Rxa5 57. Rb4+ Kxh3 58. Rb3+ Kg2 59. Rc3 h4 60. Ke3 h3 61. Rc2+ Kg3 62. Kd4 Ra4+ 63. Ke5 Rf4 64. Rc3+ Rf3 65. Rc1 Kg2 66. Kd6 Rf6+ 67. Ke5 Rf1 68. Rc2+ Rf2 69. Rc1 h2 70. Kd6 Rf6+ 71. Ke5 Rf1 72. Rc2+ Kg1 0-1

[Event "Hamburger Liga Aufstieg"]
[Site "Hamburg"]
[Date "2009.08.23"]
[Round "6.8"]
[White "Hein, Stefan"]
[Black "Hagenlueke, Thomas"]
[Result "1-0"]
[WhiteElo "2027"]
[BlackElo "1942"]
[PlyCount "97"]
[EventDate "2009.08.08"]
[EventType "swiss"]
[EventRounds "6"]
[EventCountry "GER"]
[SourceTitle "EXT 2022"]
[Source "ChessBase"]
[SourceDate "2021.10.06"]
[SourceVersion "1"]
[SourceVersionDate "2021.10.06"]
[SourceQuality "1"]

1. Nf3 d5 2. g3 e6 3. Bg2 Nf6 4. 0-0 Be7 5. b3 b6 6. Bb2 Bb7 7. d3 Nbd7 8. Nbd2 0-0 9. c4 c5 10. e3 Qc7 11. a4 Rfd8 12. Qe2 dxc4 13. bxc4 Nb8 14. a5 Na6 15. axb6 Qxb6 16. Rab1 Nb4 17. Ne5 Bxg2 18. Kxg2 Nd7 19. Ndf3 Nxe5 20. Bxe5 Qc6 21. Rfd1 a5 22. Bc3 Rac8 23. e4 a4 24. d4 Rb8 25. d5 exd5 26. exd5 Qc7 27. Qe4 Bf8 28. Ng5 g6 29. Nxh7 Kxh7 30. Qh4+ Bh6 31. Bd2 Rh8 32. Qxh6+ Kg8 33. Qf4 Qc8 34. h4 Rb7 35. Bc3 Rh7 36. Qf6 a3 37. Ra1 Ra7 38. Qd6 Nc2 39. Ra2 Nb4 40. Bxb4 cxb4 41. Qxb4 Ra8 42. Rxa3 Rb8 43. Qe7 Qxc4 44. Rf3 Rg7 45. d6 f5 46. Qg5 Qc6 47. d7 Rxd7 48. Rxd7 Rb3 49. Qd8# 1-0

[Event "Hamburger Liga Aufstieg"]
[Site "Hamburg"]
[Date "2009.08.22"]
[Round "5.9"]
[White "Haack, Stefan"]
[Black "Hein, Stefan"]
[Result "0-1"]
[WhiteElo "1926"]
[BlackElo "2027"]
[PlyCount "102"]
[EventDate "2009.08.08"]
[EventType "swiss"]
[EventRounds "6"]
[EventCountry "GER"]
[SourceTitle "EXT 2022"]
[Source "ChessBase"]
[SourceDate "2021.10.06"]
[SourceVersion "1"]
[SourceVersionDate "2021.10.06"]
[SourceQuality "1"]

1. e4 c5 2. c3 Nf6 3. e5 Nd5 4. d4 cxd4 5. Nf3 e6 6. cxd4 Nc6 7. Nc3 d6 8. Be2 Nxc3 9. bxc3 dxe5 10. Nxe5 Nxe5 11. dxe5 Qxd1+ 12. Bxd1 Bd7 13. Bf3 Rc8 14. Bxb7 Rxc3 15. 0-0 Rc7 16. Bf3 Bc5 17. Bb2 0-0 18. Rfc1 Rfc8 19. Kf1 h6 20. Be2 Bb6 21. Rxc7 Rxc7 22. Rc1 Rxc1+ 23. Bxc1 Bc6 24. Bc4 Kf8 25. Ba3+ Ke8 26. Bd6 g6 27. f3 h5 28. Ke2 Kd7 29. g3 Bd4 30. Bb8 Kc8 31. Bd6 Kd7 32. h4 Bb6 33. g4 Bd8 34. g5 Bb6 35. Bb8 Bc5 36. f4 Kc8 37. Bd6 Bxd6 38. exd6 Kd7 39. Ke3 Kxd6 40. a3 Bd5 41. Bb5 e5 42. Bd3 Be6 43. fxe5+ Kxe5 44. Bc2 Kd5 45. Bb3+ Kc5 46. Bc2 Kc4 47. Kf4 Kd4 48. Be4 a5 49. Bc2 Kc3 50. Bd1 Kb2 51. a4 Bd7 0-1

[Event "Hamburger Liga Aufstieg"]
[Site "Hamburg"]
[Date "2007.08.19"]
[Round "3.18"]
[White "Kuehl, Timo"]
[Black "Hein, Stefan"]
[Result "0-1"]
[WhiteElo "1214"]
[BlackElo "1993"]
[PlyCount "31"]
[EventDate "2007.08.13"]
[EventType "swiss"]
[EventRounds "7"]
[EventCountry "GER"]
[SourceTitle "EXT 2022"]
[Source "ChessBase"]
[SourceDate "2021.10.06"]
[SourceVersion "1"]
[SourceVersionDate "2021.10.06"]
[SourceQuality "1"]

1. d4 Nf6 2. c4 c5 3. dxc5 Na6 4. Nc3 Nxc5 5. Nf3 d6 6. g3 e5 7. Bg2 Be7 8. 0-0 0-0 9. Bg5 Be6 10. Nd5 Nxd5 11. Bxe7 Nxe7 12. Qc2 Bf5 13. Qc3 Qb6 14. Nxe5 dxe5 15. Qxe5 Be6 16. Qxg7+ 0-1